| 000 | 00856nam a22002175i 4500 | ||
|---|---|---|---|
| 001 | 163852 | ||
| 003 | ES-MaACL | ||
| 005 | 20260209170119.0 | ||
| 008 | 050720s1874 xxkaf | |||||||| ||spa d | ||
| 040 |
_aCAM _bspa _cCAM |
||
| 100 | 1 |
_aRoe, Henry. _9131980 |
|
| 245 | 1 | 0 |
_aWest African scenes being descriptions of Fernando Po _b: its climate, productions and tribes, the cause and cure of sickness ... / _cby Henry Roe. |
| 260 |
_aLondon : _bElliot Stock, _c1874. |
||
| 300 |
_aVI, 215 p., [7] h. de lám. ; _c17 cm. |
||
| 651 | 7 |
_aÁfrica- _xUsos y costumbres _2 _9137015 |
|
| 651 | 0 | 4 |
_aÁfrica- _xDescripción _97593 |
| 700 | 1 |
_aStock, Elliot, _eed. _9132911 |
|
| 752 |
_aGran Bretaña - _dLondres |
||
| 852 |
_aES-MaACL _jD-2208 _z-- Enc. ed. en tela roja con hierros dorados _z-- Legado de Modesto de La Fuente |
||
| 999 |
_c163852 _d163852 |
||